00190nam a2200085Ia 4500008004100000100001100041245002700052260001600079260000900095170617s9999 xx 000 0 und d aWatson 0aPharmceutical Analysis bElesvir Pub c2007